000 00766nam a2200217Ii 4500
003 JO-AjNU
008 230605s9999||||xx |||||||||||||| ||und||
017 _a1992/3/135
040 _aJO-AjNU
_bara
_erda
_cJO-AjNU
041 _aara
050 1 4 _aUG447.J3764 1992
100 3 _aجرار، عادل احمد,
_eauthor
_936533
245 0 0 _aالاسلحة الكيميائية والبيولوجية وتاثيرها البيئية
250 _aط1
264 3 1 _aعمان:دار الجليل، 1992
300 _a110ص
336 _atext
_btxt
_2rdacontent
337 _aunmediated
_bn
_2rdamedia
338 _avolume
_bnc
_2rdacarrier
650 4 _aالتلوث الاشعاعي-الاسلحة الكيميائية-الاسلحة البيولوجية
_936534
999 _aA15187
_c18755
_d18755